[Event "Trondheim CC-ch A"]
[Site "Trondheim"]
[Date "2020.03.02"]
[Round "6"]
[White "Wilson, Havard"]
[Black "Jakobsson, Magnus"]
[Result "0-1"]
[WhiteElo "1605"]
[BlackElo "1663"]
[PlyCount "104"]
[EventDate "2020.01.20"]
[EventType "tourn"]
[EventRounds "9"]
[EventCountry "NOR"]
[SourceTitle "EXT 2024"]
[Source "ChessBase"]
[SourceDate "2023.10.10"]
[SourceVersion "1"]
[SourceVersionDate "2023.10.10"]
[SourceQuality "1"]

1. c4 Nf6 2. Nc3 d5 3. cxd5 Nxd5 4. e4 Nb4 5. d4 e6 6. a3 N4a6 7. b4 c6 8. Nf3 Be7 9. Bd3 Nc7 10. Be3 Nd7 11. 0-0 Nf6 12. h3 0-0 13. Qc2 h6 14. Rad1 a5 15. b5 cxb5 16. Nxb5 Nxb5 17. Bxb5 Bxa3 18. d5 exd5 19. exd5 Bd7 20. Qa4 Bxb5 21. Qxb5 Qd7 22. Qb3 Bd6 23. Ra1 Nxd5 24. Rfd1 Nxe3 25. Qxe3 Qe7 26. Qb6 Bb4 27. Qb5 Rfd8 28. Rdb1 Rac8 29. Ne1 Rc5 30. Qf1 Qd7 31. Ra2 Bxe1 32. Qxe1 Re8 33. Qf1 Qc7 34. Rab2 Rb8 35. g3 Qc6 36. Kh2 b5 37. Qd3 Qd5 38. Qe2 b4 39. Rd2 Qc4 40. Qe7 Rd5 41. Rxd5 Qxd5 42. Qc7 Qb5 43. Re1 Re8 44. Rc1 a4 45. Rc5 Qe2 46. Rf5 Rf8 47. Qa5 Qe4 48. Rf4 Qa8 49. Qxb4 a3 50. Qb1 a2 51. Rg4 g6 52. Qf5 a1Q 0-1

[Event "Trondheim CC-ch A"]
[Site "Trondheim"]
[Date "2020.02.03"]
[Round "3"]
[White "Wilson, Havard"]
[Black "Brekke, John Ivar"]
[Result "0-1"]
[WhiteElo "1605"]
[BlackElo "1585"]
[PlyCount "64"]
[EventDate "2020.01.20"]
[EventType "tourn"]
[EventRounds "9"]
[EventCountry "NOR"]
[SourceTitle "EXT 2024"]
[Source "ChessBase"]
[SourceDate "2023.10.10"]
[SourceVersion "1"]
[SourceVersionDate "2023.10.10"]
[SourceQuality "1"]

1. c4 e5 2. Nc3 Nf6 3. d3 d5 4. cxd5 Nxd5 5. Nf3 Nc6 6. e4 Nf6 7. Bg5 Be7 8. Be2 Bg4 9. Qd2 Bxf3 10. Bxf3 0-0 11. 0-0 Nd4 12. Bd1 c6 13. Ne2 Nxe2+ 14. Qxe2 Ne8 15. Be3 g5 16. Bb3 Nc7 17. Qg4 Nb5 18. f4 Qxd3 19. Rf3 Qxe4 20. Rh3 exf4 21. Rf1 Qg6 22. Bxf4 gxf4 23. Qxf4 Bd6 24. Qf2 b6 25. Kh1 c5 26. Bc2 f5 27. Rf3 Nd4 28. Rh3 Rae8 29. Bd1 Re7 30. Rh5 Kh8 31. h4 Qg3 32. Qg1 Rfe8 0-1

[Event "Trondheim CC-ch A"]
[Site "Trondheim"]
[Date "2020.01.27"]
[Round "2"]
[White "Ostgaard, Pal Inge"]
[Black "Wilson, Havard"]
[Result "1-0"]
[WhiteElo "1675"]
[BlackElo "1605"]
[PlyCount "39"]
[EventDate "2020.01.20"]
[EventType "tourn"]
[EventRounds "9"]
[EventCountry "NOR"]
[SourceTitle "EXT 2024"]
[Source "ChessBase"]
[SourceDate "2023.10.10"]
[SourceVersion "1"]
[SourceVersionDate "2023.10.10"]
[SourceQuality "1"]

1. e4 Nf6 2. e5 Nd5 3. d4 d6 4. c4 Nb6 5. exd6 cxd6 6. Nf3 Bg4 7. Be2 e6 8. 0-0 Be7 9. Nc3 0-0 10. h3 Bh5 11. b3 N8d7 12. Be3 Nf6 13. Rc1 Nbd7 14. Re1 d5 15. c5 Rc8 16. b4 a6 17. a4 Bg6 18. Nh4 Ne4 19. Nxg6 Nxc3 20. Nxe7+ 1-0